MARC

LEADER 00000nam0a2200000 4500
001 142715
005 20231101221001.0
035 |a (RuTPU)RU\TPU\book\154664 
090 |a 142715 
100 |a 20080911d1968 m y0rusy50 ca 
101 0 |a rus 
102 |a AZ 
105 |a a z 001zb 
200 1 |a Мамедалиев  |e страницы жизни  |f Б. А. Платонов 
210 |a Баку  |c Изд-во АН АзССР  |d 1968 
215 |a 223 с.  |c ил. 
320 |a Библиогр.: с. 221-222. 
600 1 |a Мамедалиев  |b Ю. Г.  |c азербайджанский химик  |c доктор химических наук, академик АН Азербайджанской ССР  |f 1905-1961  |g Юсиф Гейдар оглы  |c президент АН Азербайджанской ССР  |2 stltpush  |3 (RuTPU)RU\TPU\pers\23089 
606 1 |a Химики  |x Персоналии  |2 stltpush  |3 (RuTPU)RU\TPU\subj\69968  |9 84576 
610 1 |a химия 
610 1 |a химическая наука 
610 1 |a история 
610 1 |a детство 
610 1 |a революции 
610 1 |a школы 
675 |a 54(092)  |v 3 
700 1 |a Платонов  |b Б. А. 
801 1 |a RU  |b 63413507  |c 20080911  |g PSBO 
801 2 |a RU  |b 63413507  |c 20140623  |g PSBO 
942 |c BK